| 000 | 00883pam a2200301 i 4500 | ||
|---|---|---|---|
| 999 |
_c14870 _d14870 |
||
| 001 | 2266171 | ||
| 003 | EG-ScBUE | ||
| 005 | 20210318114724.0 | ||
| 008 | 781129t1978 nyu f 000 d eng d | ||
| 020 | _a0802130801 | ||
| 040 |
_aDLC _beng _erda _cDLC _dDLC _dEG-ScBUE |
||
| 082 | 0 | 4 |
_a822.914 _bPIN _222 |
| 100 | 1 |
_aPinter, Harold, _d1930-2008, _eauthor. _921453 |
|
| 245 | 1 | 0 |
_aBetrayal / _cHarold Pinter. |
| 264 | 1 |
_aNew York : _bGrove Press, _c[1978] |
|
| 264 | 4 | _cc1978 | |
| 300 |
_a138 pages ; _c21 cm |
||
| 336 |
_2rdacontent _atext _btxt |
||
| 337 |
_2rdamedia _aunmediated _bn |
||
| 338 |
_2rdacarrier _avolume _bnc |
||
| 586 | _aWinner of the Nobel prize in literature | ||
| 650 | 7 |
_aMan-woman relationships _vDrama. _2BUEsh |
|
| 650 | 7 |
_aAdultery _vDrama. _2BUEsh |
|
| 651 | _2BUEsh | ||
| 653 |
_bHHUUEENN _cMarch2021 |
||
| 655 |
_vReading book _934232 |
||
| 942 |
_2ddc _cBB |
||